000 01291naa a22003377a 4500
001 BR9101897
003 BR-BrBNA
005 20250721155405.0
007 ta
008 250630b bl.|||m| |||| 00| 0 por d
040 _aBR-BrBNA
_bpor
_cBiblioteca Nacional de Agricultura
041 _a(Pt)
072 _aP35; F04
_b1440
_b3840
_b3830
090 _aP35 BR9101897
100 1 _aMelo, F. de B.
100 1 _aItalino, E.C.
100 1 _aCardoso, M.J.
111 1 _a5. Seminario de Pesquisa Agropecuaria do Piaui
_cTeresina, PI (Brazil)
_d19-21 Oct 1988
245 1 _aInfluencia da saturacao de aluminio e niveis de fosforo na producao de feijao-macassar (Vigna unguiculata (L.)Walp.)
500 _aAnais do 5. Seminario de Pesquisa Agropecuaria do Piaui Teresina, PI (Brasil): 1988. p. 61-65 [6 ref.; Summary (Pt)] (BR9101897-AMS)
773 0 _tAnais do 5. Seminario de Pesquisa Agropecuaria do Piaui
_wP35 BR9101897
_gTeresina, PI (Brasil), 1988. p. 61-65
650 _aFEIJAO DE CORDA
650 _aVARIEDADE
650 _aALUMINIO
650 _aFOSFORO
650 _aSOLO
650 _aSATURACAO
490 _aDocumentos - Unidade de Execucao de Pesquisa de Ambito Estadual de Teresina (Brazil)
_vNo. 9
942 _cAMS
_2AGRIS
909 _a202506
_bLúcia
_c55
_dLúcia Elande
999 _c336237
_d336237